Protodynastic Egypt /

Saved in:

Main Author: Adams, Barbara, 1945-2002 (Author)

Other Authors: Ciałowicz, Krzysztof M.

Format: Book

Language: English

Published: Princes Risborough, Buckinghamshire, UK : Shire Publications, 1997.

Series: Shire Egyptology ; 25.
ShirEgypt ; 25.

Subjects:

Tags: Add Tag

No Tags, Be the first to tag this record!

Call Number: DT57 .S25 v.25

LEADER 00770namaa2200253 4500
001 13340
003 OSt
005 20260422074423.0
008 130303s1997 enka 000 0 eng d
020 |a 0747803579 
040 |c ARCE Library 
043 |a f-ua--- 
050 4 |a DT57 .S25 v.25 
100 1 |a Adams, Barbara,  |d 1945-2002,  |e author 
245 1 0 |a Protodynastic Egypt /  |c Barbara Adams and Krzysztof M. Ciałowicz. 
264 1 |a Princes Risborough, Buckinghamshire, UK :  |b Shire Publications,  |c 1997. 
300 |a 72 pages :   |b illustrations ;   |c 21 cm. 
490 0 |a Shire Egyptology ;   |v 25. 
490 0 |a ShirEgypt ;   |v 25. 
651 0 |a Egypt  |x Civilization  |y To 332 B.C. 
700 1 |a Ciałowicz, Krzysztof M. 
901 |a reviewed 
942 |c BK  |2 lcc 
999 |c 13240  |d 13240